Inovační aktivita firem a konkurence

Overenie systematického vzťahu medzi veľkosťou firmy a výskumno-vývojovou aktivitou firiem a či je odvetvová koncentrácia významným determinantom tejto aktvity.

Gespeichert in:
Bibliographische Detailangaben
1. Verfasser: Zemplinerová, Alena
Format: Buchkapitel
Sprache:Tschechisch
Schlagworte:
Tags: Tag hinzufügen
Keine Tags, Fügen Sie das erste Tag hinzu!

MARC

LEADER 00000naa a2200000 4500
001 0125580
005 20231121105503.7
041 0 |a cze 
044 |a CZ 
245 1 0 |a Inovační aktivita firem a konkurence  |c Alena Zemplinerová 
520 |a Overenie systematického vzťahu medzi veľkosťou firmy a výskumno-vývojovou aktivitou firiem a či je odvetvová koncentrácia významným determinantom tejto aktvity. 
610 2 0 |a stratégia inovačná 
610 2 0 |a firmy 
610 2 0 |a konkurencia 
610 2 0 |a investície 
610 2 0 |a politika protimonopolná 
100 1 |a Zemplinerová, Alena